01469nam a2200229Ia 450000500170000000800410001702000180005804100080007608200160008410000210010024501270012126000160024830000080026436500170027252005040028970000330079390600540082694200070088099900190088795201870090695201460109320240509171634.0230718s9999 xx 000 0 und d a9781788293594 aeng a006.31bGUL aGulli A.9201018 aTensorFlow 1.x Deep Learning CookbookbOver 90 Unique Recipes To Solve Artificial-Intelligence Driven Problems With Python c2017bPackt a510 cRs.b1499.00 a• TensorFlow - An Introduction • Introduction • Installing TensorFlow • Hello world in TensorFlow • Understanding the TensorFlow program structure • Working with constants, variables, and placeholders • Performing matrix manipulations using TensorFlow • Using a data flow graph • Migrating from 0.x to 1.x • Using XLA to enhance computational performance • Invoking CPU/GPU devices • TensorFlow for Deep Learning • Different Python packages required for DNN-based problems  aGulli A. & Kapoor A.9201019 dO:0604319-Aug-2018B:IN27618-Jul-2018cCOMPb299.8 cBK c348176d348176 00104070aCCEPbCCEPd2018-08-19ePradeep Book DistributorsfCOMPg1199.20iIN276l3o006.31pCCEP-BK-59383r2024-05-29 00:00:00s2024-04-29t299.8v1499.00w2018-07-18yBKz059383 00102ddc4070aCCEPbCCEPd2023-10-03e115g2729.22l2o006.31 GULpCCEP-BK-65446r2024-06-26 00:00:00s2024-04-22v3499.00w2023-09-11yBK